000 01133cad a22002415a 4500
001 L153607
008 110809e20110722xxkd f s 000 0 eng d
035 _a(Sirsi) u153607
041 0 _aeng
050 0 4 _a333.33 $2 18
110 2 _aRoyal Institution of Chartered Surveyors
_bEconomics
_95033
245 0 0 _aRICS global real estate weekly
_b5 August 2011
_h[electronic resource]
260 _aLondon
_bRICS
_c2011
490 0 _aRICS Global Real Estate Weekly
_v5 August 2011
520 _aSlowing French economy likely to impact commercial property market. Canadian housing sector continues to grow but at a slower rate. Upbeat outlook for Russian commercial property market. Australian property market stalling as uncertainty continues.
590 _aKA
650 2 4 _aRICS GLOBAL REAL ESTATE WEEKLY
651 4 _aInternational
690 _aPROPERTY-COMMERCIAL PROPERTY-COMMERCIAL PROPERTY MARKET
690 _aPROPERTY-RESIDENTIAL PROPERTY-RESIDENTIAL PROPERTY MARKET
856 4 0 _uhttps://www.rics.org/site/download_feed.aspx?fileID=10113&fileExtension=PDF
_zView the report free of charge at www.rics.org
942 _n0
999 _c112606
_d112606